MARC details
| 000 -LEADER |
| campo de control de longitud fija |
01888nam a2200313 i 4500 |
| 001 - NÚMERO DE CONTROL |
| campo de control |
104841 |
| 003 - IDENTIFICADOR DE NÚMERO DE CONTROL |
| campo de control |
ES-MaACL |
| 005 - FECHA Y HORA DE LA ÚLTIMA TRANSACCIÓN |
| campo de control |
20251106133649.0 |
| 007 - CAMPO FIJO DE DESCRIPCIÓN FÍSICA--INFORMACIÓN GENERAL |
| campo de control de longitud fija |
t| |
| 008 - DATOS DE LONGITUD FIJA--INFORMACIÓN GENERAL |
| campo de control de longitud fija |
991112m19291931ve a |||| |bspa d |
| 080 ## - NÚMERO DE LA CLASIFICACIÓN DECIMAL UNIVERSAL |
| Número de la Clasificación Decimal Universal |
929 Miranda, Francisco de |
| 080 ## - NÚMERO DE LA CLASIFICACIÓN DECIMAL UNIVERSAL |
| Número de la Clasificación Decimal Universal |
94(44)"17"(093) |
| 080 ## - NÚMERO DE LA CLASIFICACIÓN DECIMAL UNIVERSAL |
| Número de la Clasificación Decimal Universal |
94(87)"15/18"(093) |
| 245 00 - MENCIÓN DEL TÍTULO |
| Título |
Archivo del General Miranda. |
| 260 ## - PUBLICACIÓN, DISTRIBUCIÓN, ETC. |
| Lugar de publicación, distribución, etc. |
Caracas : |
| Nombre del editor, distribuidor, etc. |
Parra León Hermanos : |
| -- |
Ed. Sur-América, |
| Fecha de publicación, distribución, etc. |
1929-1931. |
| 300 ## - DESCRIPCIÓN FÍSICA |
| Extensión |
<11> v. : |
| Otras características físicas |
il. ; |
| Dimensiones |
24 cm. |
| 505 8# - NOTA DE CONTENIDO CON FORMATO |
| Nota de contenido con formato |
Contiene: v. 1-3 ; |
| Título |
Viajes, diarios: 1750-1788 - v. 4 ; |
| -- |
Viajes, diarios: documentos 1788 a 1800-1771 a 1781 - v. 5 ; |
| -- |
Viajes, documentos 1781-1785: cartas a Miranda: 1775-1785 - v. 6 ; |
| -- |
Viajes, cartas a Miranda, 1789-1808 - v.7 ; |
| -- |
Viajes, cartas a Miranda, 1782 a 1801. Miscelánea: 1771 a 1805: impresos y grabados: 1771 a 1805 - v. 8 ; |
| -- |
Revolución Francesa: copiador de correspondencia, 1792 a 1793 - v. 9-10: Revolución Francesa: comunicaciones oficiales, 1792 a 1793: Sitio y toma de Amberes, bombardeo de Maestricht: Revista de comisaría, 1792 a 1793 - francesa - v. 12 ; |
| -- |
Revolución Francesa: causas judiciales: proceso militar y prisión política de Miranda, 1793 a 1795 |
| 530 ## - NOTA DISPONIBLE DE FORMULARIO FÍSICO ADICIONAL |
| Nota de formato físico adicional disponible |
Disponible en formato digital. |
| 596 ## - NOTA AL PIE DE IMPRENTA |
| NOTA AL PIE DE IMPRENTA |
La obra consta de 23 v. (1929-1950) |
| 600 14 - PUNTO DE ACCESO ADICIONAL DE MATERIA--NOMBRE DE PERSONA |
| Nombre de persona |
Miranda, Francisco de, |
| Fechas asociadas al nombre |
1750-1816 |
| 9 (RLIN) |
81520 |
| 651 #4 - PUNTO DE ACCESO ADICIONAL DE MATERIA--NOMBRE GEOGRÁFICO |
| Nombre geográfico |
Venezuela- |
| Subdivisión general |
Historia- |
| Subdivisión cronológica |
1528-1810, Época colonial. |
| 9 (RLIN) |
148859 |
| 651 #4 - PUNTO DE ACCESO ADICIONAL DE MATERIA--NOMBRE GEOGRÁFICO |
| Nombre geográfico |
Venezuela- |
| Subdivisión general |
Historia- |
| Subdivisión cronológica |
1810-1823, Guerra de la Independencia. |
| 9 (RLIN) |
148949 |
| 651 #4 - PUNTO DE ACCESO ADICIONAL DE MATERIA--NOMBRE GEOGRÁFICO |
| Nombre geográfico |
Francia- |
| Subdivisión general |
Historia- |
| Subdivisión cronológica |
1789-1799, Revolución- |
| Subdivisión de forma |
Fuentes. |
| 9 (RLIN) |
162626 |
| 700 1# - ENTRADA AGREGADA--NOMBRE PERSONAL |
| Nombre de persona |
Miranda, Francisco de, |
| Fechas asociadas al nombre |
1750-1816 |
| 9 (RLIN) |
81520 |
| 852 4# - LOCALIZACIÓN |
| Ubicación |
ES-MaACL |
| Número de control de estantería |
D-8731-41 |
| condición física |
(Faltan los v. 11,13 y siguientes) |
| Ubicación en estantería |
Sala Valle Inclán |
| 856 4# - LOCALIZACIÓN Y ACCESO ELECTRÓNICOS |
| Identificador Uniforme de Recursos |
<a href="http://bdh-rd.bne.es/viewer.vm?id=0000167999&page=1 ">http://bdh-rd.bne.es/viewer.vm?id=0000167999&page=1 </a> |
| Nota pública |
(v. 1-23) |
| Texto de enlace |
(Biblioteca Digital Hispánica) |
| 942 ## - ELEMENTOS DE ENTRADA SECUNDARIOS (KOHA) |
| Fuente del sistema de clasificación o colocación |
Clasificación decimal universal |